Cult of the Dead Cow : (Record no. 590337)

000 -LEADER
fixed length control field 03678cam a2200553 i 4500
001 - CONTROL NUMBER
control field 20870300
003 - CONTROL NUMBER IDENTIFIER
control field NUST
005 - DATE AND TIME OF LATEST TRANSACTION
control field 20220825110646.0
008 - FIXED-LENGTH DATA ELEMENTS--GENERAL INFORMATION
fixed length control field 190228t20192019nyuaf b 001 0 eng c
010 ## - LIBRARY OF CONGRESS CONTROL NUMBER
LC control number 2019935886
015 ## - NATIONAL BIBLIOGRAPHY NUMBER
National bibliography number GBB961996
Source bnb
016 7# - NATIONAL BIBLIOGRAPHIC AGENCY CONTROL NUMBER
Record control number 019346808
Source Uk
020 ## - INTERNATIONAL STANDARD BOOK NUMBER
International Standard Book Number 9781541762381
Qualifying information (hardcover)
020 ## - INTERNATIONAL STANDARD BOOK NUMBER
International Standard Book Number 154176238X
Qualifying information (hardcover)
020 ## - INTERNATIONAL STANDARD BOOK NUMBER
International Standard Book Number 9781541724426
Qualifying information (international)
020 ## - INTERNATIONAL STANDARD BOOK NUMBER
International Standard Book Number 1541724429
Qualifying information (international)
035 ## - SYSTEM CONTROL NUMBER
System control number (OCoLC)on1056778895
040 ## - CATALOGING SOURCE
Original cataloging agency YDX
Language of cataloging eng
Transcribing agency YDX
Description conventions rda
Modifying agency BDX
-- OCLCQ
-- YDX
-- UKMGB
-- OCLCO
-- TOH
-- OCLCF
-- IG$
-- UAP
-- LIV
-- BDP
-- IMT
-- CLE
-- IXA
-- OCL
-- DLC
042 ## - AUTHENTICATION CODE
Authentication code pcc
050 00 - LIBRARY OF CONGRESS CALL NUMBER
Classification number HV6773
Item number .M45 2019
055 #3 - CLASSIFICATION NUMBERS ASSIGNED IN CANADA
Classification number Purchase on request / Achat sur demande
082 00 - DEWEY DECIMAL CLASSIFICATION NUMBER
Classification number 303.4833
Edition number 23
Author Mark MEN
100 1# - MAIN ENTRY--PERSONAL NAME
Personal name Menn, Joseph,
Relator term author.
9 (RLIN) 93684
245 10 - TITLE STATEMENT
Title Cult of the Dead Cow :
Remainder of title how the original hacking supergroup might just save the world
Statement of responsibility, etc. Joseph Menn.
250 ## - EDITION STATEMENT
Edition statement First edition.
260 ## - PUBLICATION, DISTRIBUTION, ETC.
Place of publication, distribution, etc. New York :
Name of publisher, distributor, etc. PublicAffairs,
Date of publication, distribution, etc. 2019
300 ## - PHYSICAL DESCRIPTION
Extent xi, 251 pages, 8 unnumbered pages of plates :
Other physical details illustrations (chiefly color) ;
Dimensions 25 cm
336 ## - CONTENT TYPE
Content type term text
Content type code txt
Source rdacontent
336 ## - CONTENT TYPE
Content type term still image
Content type code sti
Source rdacontent
337 ## - MEDIA TYPE
Media type term unmediated
Media type code n
Source rdamedia
338 ## - CARRIER TYPE
Carrier type term volume
Carrier type code nc
Source rdacarrier
504 ## - BIBLIOGRAPHY, ETC. NOTE
Bibliography, etc. note Includes bibliographical references (pages 215-233) and index.
505 0# - FORMATTED CONTENTS NOTE
Formatted contents note The players -- An evening in San Francisco -- Texas T-files -- The cons -- Underground Boston -- Back orifice -- One million dollars and a monster truck -- Oxblood -- Much @stake -- Tor and Citizen Lab -- Jake -- Mixter, Muench, and Phineas -- Mudge and Dildog -- The congressman and the trolls -- Epilogue.
520 ## - SUMMARY, ETC.
Summary, etc. The shocking untold story of the elite secret society of hackers fighting to protect our privacy, our freedom -- even democracy itself.
520 ## - SUMMARY, ETC.
Summary, etc. "Cult of the Dead Cow is the tale of the oldest, most respected, and most famous American hacking group of all time. Though until now it has remained mostly anonymous, its members invented the concept of hacktivism, released the top tool for testing password security, and created what was for years the best technique for controlling computers from afar, forcing giant companies to work harder to protect customers. They contributed to the development of Tor, the most important privacy tool on the net, and helped build cyberweapons that advanced US security without injuring anyone. With its origins in the earliest days of the Internet, the cDc is full of oddball characters--activists, artists, and musicians--some of whom went on to advise presidents, cabinet members, and CEOs, who now walk the corridors of power in Washington and Silicon Valley. Today, the group and its followers are battling electoral misinformation, making personal data safer, and organizing to keep technology a force for good instead of for surveillance and oppression. Cult of the Dead Cow describes how, at a time when governments, corporations, and criminals hold immense power, a small band of tech iconoclasts is on our side fighting back"--Dust jacket flap.
563 ## - BINDING INFORMATION
Binding note HB
610 20 - SUBJECT ADDED ENTRY--CORPORATE NAME
Corporate name or jurisdiction name as entry element Cult of the Dead Cow.
9 (RLIN) 93685
650 #0 - SUBJECT ADDED ENTRY--TOPICAL TERM
Topical term or geographic name entry element Hacktivism.
9 (RLIN) 93686
650 #0 - SUBJECT ADDED ENTRY--TOPICAL TERM
Topical term or geographic name entry element Hackers.
9 (RLIN) 27628
650 #0 - SUBJECT ADDED ENTRY--TOPICAL TERM
Topical term or geographic name entry element Computer security.
9 (RLIN) 570
650 #7 - SUBJECT ADDED ENTRY--TOPICAL TERM
Topical term or geographic name entry element SOCIAL SCIENCE / Sociology / General.
Source of heading or term bisacsh
9 (RLIN) 51488
650 #7 - SUBJECT ADDED ENTRY--TOPICAL TERM
Topical term or geographic name entry element Hackers.
Source of heading or term fast
Authority record control number or standard number (OCoLC)fst00872150
9 (RLIN) 27628
650 #7 - SUBJECT ADDED ENTRY--TOPICAL TERM
Topical term or geographic name entry element Computer security.
Source of heading or term fast
Authority record control number or standard number (OCoLC)fst00872484
9 (RLIN) 570
650 #7 - SUBJECT ADDED ENTRY--TOPICAL TERM
Topical term or geographic name entry element Hacktivism.
Source of heading or term fast
Authority record control number or standard number (OCoLC)fst01763882
9 (RLIN) 93686
906 ## - LOCAL DATA ELEMENT F, LDF (RLIN)
a 7
b cbc
c pccadap
d 2
e epcn
f 20
g y-gencatlg
942 ## - ADDED ENTRY ELEMENTS (KOHA)
Source of classification or shelving scheme
Koha item type Lincoln Corner
Holdings
Withdrawn status Lost status Source of classification or shelving scheme Damaged status Not for loan Permanent Location Current Location Shelving location Date acquired Full call number Barcode Date last seen Price effective from Koha item type
          Central Library (CL) Central Library (CL) Lincoln Corner 07/19/2022 303.4833 MEN LC-114 07/19/2022 07/19/2022 Reference
© 2023 Central Library, National University of Sciences and Technology. All Rights Reserved.